| 000 | 00855cam a22002657a 4500 | ||
|---|---|---|---|
| 003 | CHAP | ||
| 005 | 20220329134225.0 | ||
| 008 | 971013s1979 r 00010 d | ||
| 010 | _a17218 | ||
| 011 | _a18190 | ||
| 035 | _a22275 | ||
| 040 | _cCHAP | ||
| 082 |
_a323.3 _bJ6 |
||
| 100 | 0 | 0 |
_aJoachim, Benoit _ecoord. _961709 |
| 245 | 1 | 3 | _aLa información social de México a nivel regional en la época contemporánea; problemas de investigación histórica |
| 260 |
_aPuebla, Pue., : _bUniversidad Autónoma de Puebla, _c1979 |
||
| 300 | _a172 p | ||
| 590 |
_aBATCH-UPD _b10 _c20130110 _lUCH01 _h0926 |
||
| 590 |
_aCONVERSION _b10 _c20130109 _lUCH01 _h1311 |
||
| 650 | 1 | 4 |
_aClases sociales. _923673 |
| 650 | 1 | 4 |
_aPuebla _xHistoria. _992878 |
| 901 | _aBK | ||
| 942 | _cLIBRO | ||
| 949 |
_a323.3 J6 _bBC _cLIBRO _d33724000298394 _eLIBRO _gI.c/e _h68973 _i22275 _si |
||
| 999 |
_c17218 _d17218 |
||